LEADER 01360nam--2200385---450- 001 990003289010203316 005 20090703180806.0 010 $a88-495-0933-2 035 $a000328901 035 $aUSA01000328901 035 $a(ALEPH)000328901USA01 035 $a000328901 100 $a20090703d2004----km-y0itay50------ba 101 $aita 102 $aIT 105 $a||||||||001yy 200 1 $a<> avventura d'amore$fAlexandre Dumas$ga cura e con un saggio di Giulia Papoff 210 $aNapoli [etc.]$cEdizioni scientifiche italiane$d2004 215 $a374 p.$d24 cm 225 2 $aPubblicazioni della Facoltà di economia, Università degli studi del Sannio, Benevento$hSezione linguistica$v3 300 $aTrad. di G. Papoff, Fabio Perilli 410 0$12001$aPubblicazioni della Facoltà di economia, Università degli studi del Sannio, Benevento$hSezione linguistica 454 1$12001$a<> aventure d'amour$939138 676 $a843.7 700 1$aDUMAS,$bAlexandre$f<1802-1870>$0176848 702 1$aPAPOFF,$bGiulia 801 0$aIT$bsalbc$gISBD 912 $a990003289010203316 951 $aVI.4.A. 1634$b212745 LM$cVI.4.A.$d00227483 959 $aBK 969 $aUMA 979 $aSENATORE$b90$c20090703$lUSA01$h1806 979 $aSENATORE$b90$c20090703$lUSA01$h1808 996 $aAventure d'amour$939138 997 $aUNISA LEADER 01358nas 2200337 n 450 001 990008996260403321 005 20240229084430.0 011 $a0022-5762 035 $a000899626 035 $aFED01000899626 035 $a(Aleph)000899626FED01 035 $a000899626 091 $2CNR$aP 00078273 100 $a20161109a19529999km-y0itaa50------ba 101 0 $aeng 110 $aauu-------- 200 1 $aJudaism$eA Quarterly journal of jewish life and thought 207 1$a1952- 210 $aNew York$cAmerican Jewish Congress. 530 0 $aJudaism 676 $a296.05 801 0$aIT$bACNP$c20090723 859 4 $uhttp://acnp.cib.unibo.it/cgi-ser/start/it/cnr/dc-p1.tcl?catno=51667&person=false&language=ITALIANO&libr=&libr_th=unina1$zBiblioteche che possiedono il periodico 901 $aSE 912 $a990008996260403321 958 $aBRAU. Biblioteca di Ricerca di Area Umanistica$b1957-1996;$c1993;$eAMERICA 106$fFLFBC 959 $aFLFBC 996 $aJudaism$9791419 997 $aUNINA AP1 8 $6866-01$aNA072 BRAU. Biblioteca di Ricerca di Area Umanistica$bAMERICA 106$ePiazza Bellini 56/60, 80133 Napoli (NA)$m(081) 2533948$nit AP2 40$aacnp.cib.unibo.it$nACNP Italian Union Catalogue of Serials$uhttp://acnp.cib.unibo.it/cgi-ser/start/it/cnr/df-p.tcl?catno=51667&language=ITALIANO&libr=&person=&B=1&libr_th=unina&proposto=NO